Crisis Management in Regional and Local Development (The Case of Slovakia)
Saved in:
| Main Author: | |
|---|---|
| Other Authors: | |
| Format: | Book Chapter |
| Language: | English |
| Subjects: | |
| Tags: |
No Tags, Be the first to tag this record!
|
MARC
| LEADER | 00000naa a2200000 4500 | ||
|---|---|---|---|
| 001 | 0262611 | ||
| 005 | 20240502083755.0 | ||
| 041 | 0 | |a eng | |
| 044 | |a US | ||
| 245 | 1 | 0 | |a Crisis Management in Regional and Local Development (The Case of Slovakia) |c Karol Janas, Rudolf Kucharčík |
| 610 | 2 | 0 | |a kríza |
| 610 | 2 | 0 | |a manažment krízový |
| 610 | 2 | 0 | |a Slovensko |
| 100 | 1 | |a Janas, Karol | |
| 700 | 1 | |a Kucharčík, Rudolf, 1977- | |